[Event "Foment Martinenc op-A 23rd"]
[Site "Barcelona"]
[Date "2023.04.29"]
[Round "2"]
[White "Aleksanyan Israelyan, Nicolas"]
[Black "Asatryan, Levon"]
[Result "1-0"]
[WhiteElo "1885"]
[BlackElo "1627"]
[PlyCount "111"]
[EventDate "2023.04.22"]
[EventType "swiss"]
[EventRounds "9"]
[EventCountry "ESP"]
[SourceTitle "EXT 2024"]
[Source "ChessBase"]
[SourceDate "2023.10.10"]
[SourceVersion "1"]
[SourceVersionDate "2023.10.10"]
[SourceQuality "1"]

1. e4 d5 2. exd5 Qxd5 3. Nc3 Qa5 4. d4 c6 5. Bc4 Nf6 6. Nf3 Bf5 7. Bd2 Qb6 8. Bb3 e6 9. 0-0 Bd6 10. Qe2 Bg4 11. Be3 Nd5 12. Ne4 Be7 13. c4 Nxe3 14. fxe3 0-0 15. Qf2 Nd7 16. h3 Bf5 17. Nc3 a5 18. Kh1 Qc7 19. Bc2 Nf6 20. e4 Bg6 21. e5 Nd7 22. Bxg6 hxg6 23. Ne4 f6 24. Qg3 g5 25. h4 g4 26. Qxg4 f5 27. Qh5 fxe4 28. Ng5 Bxg5 29. hxg5 Rxf1+ 30. Rxf1 Rf8 31. Re1 Rf5 32. g4 Rf4 33. g6 Nf8 34. Re2 Rf1+ 35. Kg2 Rc1 36. Kg3 Qd8 37. Rh2 Rg1+ 38. Kf4 Nxg6+ 39. Qxg6 Qf8+ 40. Kg5 Rxg4+ 41. Kxg4 Qf3+ 42. Kh4 Qf4+ 43. Kh3 Qf3+ 44. Qg3 Qh5+ 45. Kg2 Qe2+ 46. Kg1 Qd1+ 47. Kf2 Qd2+ 48. Kf1 Qd1+ 49. Qe1 Qf3+ 50. Kg1 e3 51. Rg2 Qf4 52. Qg3 Qh6 53. Qg6 e2 54. Qxh6 e1Q+ 55. Kh2 Kf8 56. Qh8+ 1-0

[Event "Roncana op-A 13th"]
[Site "Santa Eulalia de Roncana"]
[Date "2019.10.12"]
[Round "3"]
[White "Asatryan, Levon"]
[Black "De Lomas Busquets, Alba"]
[Result "0-1"]
[WhiteElo "1545"]
[BlackElo "1524"]
[PlyCount "134"]
[EventDate "2019.09.28"]
[EventType "swiss"]
[EventRounds "8"]
[EventCountry "ESP"]
[SourceTitle "CBM 193 Extra"]
[Source "ChessBase"]
[SourceDate "2020.01.31"]
[SourceVersion "1"]
[SourceVersionDate "2020.01.31"]
[SourceQuality "1"]

1. d4 d5 2. Bf4 c6 3. Nf3 e6 4. e3 f5 5. Ne5 Nf6 6. Bg5 Nbd7 7. c4 Be7 8. Nxd7 Bxd7 9. Bxf6 Bxf6 10. Qh5+ g6 11. Qd1 c5 12. cxd5 exd5 13. Be2 cxd4 14. exd4 Qb6 15. Nc3 Bxd4 16. 0-0 Bxc3 17. bxc3 Qc5 18. Bf3 Be6 19. Qb3 b5 20. a4 bxa4 21. Qb7 0-0 22. Rxa4 Rfb8 23. Qa6 Rb6 24. Qd3 Rd6 25. Re1 Kf7 26. h3 Rad8 27. g4 fxg4 28. Bxg4 Bxg4 29. hxg4 Kg8 30. Re7 R6d7 31. Re3 Rf8 32. Qa6 Qb6 33. Qe2 Rdf7 34. Re8 Qxf2+ 35. Qxf2 Rxf2 36. Rxf8+ Rxf8 37. Rxa7 Rf4 38. Rd7 Rxg4+ 39. Kf2 Rg5 40. Kf3 h5 41. Kf4 Rf5+ 42. Kg3 Re5 43. Kf4 Rf5+ 44. Kg3 Kf8 45. Kh4 Ke8 46. Rg7 Rf4+ 47. Kg3 Rf6 48. Kh4 Rc6 49. Kg3 Rxc3+ 50. Kf4 Rc4+ 51. Ke5 Rg4 52. Kxd5 Kf8 53. Rh7 Kg8 54. Ra7 Rf4 55. Ke5 Rf7 56. Ra3 Kg7 57. Ke4 h4 58. Rh3 g5 59. Rd3 Kh6 60. Rd8 Kh5 61. Ke3 Kg4 62. Rd4+ Rf4 63. Rd2 Kg3 64. Rd1 Rf3+ 65. Ke2 Rf2+ 66. Ke1 Rf4 67. Rd5 g4 0-1

[Event "Roncana op-A 13th"]
[Site "Santa Eulalia de Roncana"]
[Date "2019.09.28"]
[Round "1"]
[White "Asatryan, Levon"]
[Black "Valero Soler, Jaume"]
[Result "0-1"]
[WhiteElo "1545"]
[BlackElo "1780"]
[PlyCount "100"]
[EventDate "2019.09.28"]
[EventType "swiss"]
[EventRounds "8"]
[EventCountry "ESP"]
[SourceTitle "CBM 193 Extra"]
[Source "ChessBase"]
[SourceDate "2020.01.31"]
[SourceVersion "1"]
[SourceVersionDate "2020.01.31"]
[SourceQuality "1"]

1. d4 d5 2. Bf4 c5 3. c3 Nc6 4. Nf3 Nf6 5. e3 e6 6. Bd3 Bd6 7. Bg3 0-0 8. Nbd2 Re8 9. Ne5 cxd4 10. cxd4 Bxe5 11. Bxe5 Nxe5 12. dxe5 Nd7 13. f4 Nc5 14. Qc2 Nxd3+ 15. Qxd3 Qb6 16. Rb1 Bd7 17. Nb3 Bb5 18. Qd2 Bc4 19. Nc1 Rac8 20. b3 Bb5 21. a4 Bxa4 22. 0-0 Rc7 23. Nd3 Bb5 24. Rfc1 Bxd3 25. Qxd3 Rec8 26. Qd2 a6 27. Rxc7 Qxc7 28. b4 Qc2 29. Qe1 Rc3 30. Ra1 h6 31. h3 Qd3 32. e4 dxe4 33. Rd1 Qc4 34. Kh2 e3 35. Kg1 Rd3 36. Rxd3 Qxd3 37. g3 Qd2 38. Kf1 Kf8 39. Qxd2 exd2 40. Ke2 d1Q+ 41. Kxd1 Ke7 42. Kc2 Kd7 43. Kb3 Kc6 44. Kc4 b6 45. b5+ axb5+ 46. Kb4 h5 47. g4 hxg4 48. hxg4 Kd5 49. Kxb5 Ke4 50. f5 exf5 0-1

[Event "Roncana op-B 11th"]
[Site "Santa Eulalia de Roncana"]
[Date "2017.09.23"]
[Round "1.9"]
[White "Asatryan, Levon"]
[Black "Puigdueta Xalabarder, Antoni"]
[Result "1-0"]
[WhiteElo "1339"]
[BlackElo "1584"]
[PlyCount "61"]
[EventDate "2017.09.23"]
[EventType "swiss"]
[EventRounds "8"]
[EventCountry "ESP"]
[SourceTitle "EXT 2024"]
[Source "ChessBase"]
[SourceDate "2023.10.10"]
[SourceVersion "1"]
[SourceVersionDate "2023.10.10"]
[SourceQuality "1"]

1. d4 Nf6 2. Bf4 e6 3. Nf3 d5 4. e3 c5 5. c3 Qb6 6. Qc2 Nc6 7. Ne5 cxd4 8. exd4 Nxe5 9. Bxe5 Ng4 10. Bf4 Bd6 11. Bxd6 Qxd6 12. Be2 Qf4 13. Bxg4 Qxg4 14. 0-0 h5 15. Re1 h4 16. h3 Qg6 17. Qxg6 fxg6 18. Nd2 Bd7 19. Nf3 0-0-0 20. Ne5 Be8 21. Rac1 Rh5 22. b3 Kb8 23. a4 Rf5 24. Nf3 Rxf3 25. gxf3 Bd7 26. Kg2 Rf8 27. Re5 Rf5 28. Rxf5 gxf5 29. Kf1 Kc7 30. Ke2 Kd6 31. Rg1 1-0

[Event "Foment Martinenc op-C 17th"]
[Site "Barcelona"]
[Date "2015.05.30"]
[Round "6"]
[White "Asatryan, Levon"]
[Black "De Blois Afanasiyadi, Natasha"]
[Result "1-0"]
[WhiteElo "1848"]
[BlackElo "1788"]
[PlyCount "61"]
[EventDate "2015.04.25"]
[EventType "swiss"]
[EventRounds "9"]
[EventCountry "ESP"]
[SourceTitle "EXT 2017"]
[Source "ChessBase"]
[SourceDate "2016.10.25"]
[SourceVersion "1"]
[SourceVersionDate "2016.10.25"]
[SourceQuality "1"]

1. Nc3 f5 2. d4 Nf6 3. Nf3 g6 4. Bf4 Bg7 5. e3 0-0 6. Bc4+ Kh8 7. 0-0 d6 8. Ng5 d5 9. Bb3 h6 10. Nf3 Nc6 11. Be5 e6 12. Nh4 Kh7 13. Nf3 Nxe5 14. Nxe5 Ne4 15. f3 Nxc3 16. bxc3 Qd6 17. f4 c5 18. c4 cxd4 19. exd4 b6 20. Kh1 Bxe5 21. dxe5 Qc6 22. cxd5 exd5 23. Bxd5 Qc7 24. Bxa8 Ba6 25. Rf2 Rxa8 26. Rd2 Bb5 27. Rb1 Ba4 28. Qf3 Rc8 29. Rc1 Bc6 30. Qg3 Be4 31. Rcd1 1-0

[Event "Foment Martinenc op-C 17th"]
[Site "Barcelona"]
[Date "2015.05.16"]
[Round "4"]
[White "Asatryan, Levon"]
[Black "Martinez Lopez, Ramon"]
[Result "1-0"]
[WhiteElo "1848"]
[BlackElo "1765"]
[PlyCount "71"]
[EventDate "2015.04.25"]
[EventType "swiss"]
[EventRounds "9"]
[EventCountry "ESP"]
[SourceTitle "EXT 2017"]
[Source "ChessBase"]
[SourceDate "2016.10.25"]
[SourceVersion "1"]
[SourceVersionDate "2016.10.25"]
[SourceQuality "1"]

1. d4 c5 2. c3 e6 3. e4 Nf6 4. Bg5 Be7 5. Bd3 d6 6. Nf3 Nbd7 7. 0-0 b6 8. Nbd2 0-0 9. Ne1 Bb7 10. f4 Ng4 11. Qxg4 Nf6 12. Bxf6 Bxf6 13. e5 dxe5 14. dxe5 Bxe5 15. fxe5 Qxd3 16. Nxd3 Rad8 17. Qg3 Rd7 18. Nc4 Ba6 19. Nd6 Kh8 20. Rf3 Rg8 21. Nxf7+ Rxf7 22. Rxf7 Bb5 23. Raf1 h6 24. Rf8 Kh7 25. Rxg8 Kxg8 26. Rd1 Kh7 27. Nf4 Be8 28. Rd8 Bf7 29. Qd3+ g6 30. Rd7 Kg8 31. Nxg6 a5 32. Qg3 Kg7 33. Nf4+ Kf8 34. Nxe6+ Bxe6 35. Qg7+ Ke8 36. Qe7# 1-0

[Event "Foment Martinenc op-C 17th"]
[Site "Barcelona"]
[Date "2015.04.25"]
[Round "1"]
[White "Goloubev Goloubeva, Maria"]
[Black "Asatryan, Levon"]
[Result "1/2-1/2"]
[WhiteElo "1736"]
[BlackElo "1848"]
[PlyCount "146"]
[EventDate "2015.04.25"]
[EventType "swiss"]
[EventRounds "9"]
[EventCountry "ESP"]
[SourceTitle "EXT 2017"]
[Source "ChessBase"]
[SourceDate "2016.10.25"]
[SourceVersion "1"]
[SourceVersionDate "2016.10.25"]
[SourceQuality "1"]

1. e4 e5 2. Nf3 Nc6 3. Bb5 d6 4. 0-0 Nf6 5. d3 a6 6. Ba4 b5 7. Bb3 Be6 8. Be3 Be7 9. Nc3 0-0 10. h3 d5 11. Ne2 dxe4 12. dxe4 Nxe4 13. Qd3 Bxb3 14. Qxe4 Bd5 15. Qf5 Bxf3 16. Qxf3 Qd6 17. Ng3 Qe6 18. Rae1 f5 19. b3 f4 20. Bxf4 Bb4 21. Re4 Nd4 22. Qe3 Nf5 23. Nxf5 Qxf5 24. Bg3 Bc5 25. Qe2 Bd6 26. Re1 Rae8 27. c3 Bc5 28. Rf1 Bd6 29. b4 c5 30. a3 cxb4 31. axb4 Bb8 32. Ra1 Qf6 33. Rd1 Qe6 34. Qb2 Qc6 35. f3 Kh8 36. Kh2 Rf7 37. Qd2 Rfe7 38. c4 bxc4 39. Qd5 Qa4 40. Rxc4 Bc7 41. Rxc7 Rxc7 42. Bxe5 Rce7 43. Ra1 Rxe5 44. Qxe5 Qb5 45. Qxb5 axb5 46. g4 g5 47. Rd1 h6 48. Kg3 Rc8 49. Rd3 Rc4 50. Rb3 Kg7 51. h4 Kf6 52. hxg5+ hxg5 53. Kf2 Ke5 54. Ke3 Kd5 55. Kd3 Rd4+ 56. Kc2 Rc4+ 57. Kd2 Rd4+ 58. Rd3 Rxd3+ 59. Kxd3 Ke5 60. Ke3 Kd5 61. f4 gxf4+ 62. Kxf4 Ke6 63. g5 Kf7 64. g6+ Kxg6 65. Ke5 Kf7 66. Kd6 Ke8 67. Kc6 Kd8 68. Kxb5 Kc8 69. Kc6 Kd8 70. b5 Kc8 71. b6 Kb8 72. b7 Ka7 73. b8Q+ Kxb8 1/2-1/2